000 00450nam a2200181Ia 4500
005 20250603144554.0
008 250603s9999 xx 000 0 und d
020 _a9781774913703
050 _aR 857 .M85/
100 _aEdited by Omar Mukbaniani, Tamara Tatrishvili, Neha Kanwar Rawat, A. K. Haghi.
245 0 _aBiocomposites
260 _aOxon
260 _bCRC Press
260 _c2024
300 _a327 p
650 _aOxon
942 _cBK
999 _c39319
_d39319